Statistiken für Höchstgelegene Hauptstädte

Klicken Sie hier um das Quiz zu spielen!

Allgemein

  • Dieses Quiz wurde 2.062 mal gespielt
    (2.052 seit der letzten Aktualisierung)
  • Das Durchschnittsergebnis liegt bei 8 aus 21

Antwortstatistiken

HöheLandStadt% Korrekt
2,625 mKolumbienBogotá
81%
2,850 mEcuadorQuito
80%
3,640 mBolivienLa Paz
72%
1,400 mNepalKathmandu
70%
2,240 mMexikoMexiko-Stadt
69%
1,795 mKeniaNairobi
49%
2,750 mBolivienSucre
48%
2,355 mÄthiopienAddis Abeba
41%
1,350 mMongoleiUlaanbaatar
40%
1,271 mSüdafrikaPretoria
37%
2,648 mBhutanThimphu
36%
1,529 mGuatemalaGuatemala-Stadt
36%
1,790 mAfghanistanKabul
35%
1,567 mRuandaKigali
25%
1,483 mSimbabweHarare
21%
1,721 mNamibiaWindhoek
19%
1,673 mLesothoMaseru
18%
2,325 mEritreaAsmara
16%
1,400 mSüdafrikaBloemfontein
12%
1,288 mMadagaskarAntananarivo
11%
2,250 mJemenSanaa
7%

Verteilung der Resultate

Perzentil nach korrekt beantworteten Fragen

Anzahl Personen mit jedem Resultat

Ihre Resultats-Entwicklung

Sie haben dieses Quiz seit der letzten Aktualisierung nicht gespielt